3-D WORLD FAMOUS PLACES (Record no. 2999)
[ view plain ]
| 000 -LEADER | |
|---|---|
| fixed length control field | 00220nam a22001097a 4500 |
| 082 ## - DEWEY DECIMAL CLASSIFICATION NUMBER | |
| Classification number | 001 |
| Item number | RED/T |
| 245 ## - TITLE STATEMENT | |
| Title | 3-D WORLD FAMOUS PLACES |
| 260 ## - PUBLICATION, DISTRIBUTION, ETC. (IMPRINT) | |
| Name of publisher | SCHOLASTIC |
| 300 ## - PHYSICAL DESCRIPTION | |
| Number of Pages | 26 |
| 650 ## - SUBJECT ADDED ENTRY--TOPICAL TERM | |
| Topical Term | GENERAL KNOWLEDGE |
| 942 ## - ADDED ENTRY ELEMENTS (KOHA) | |
| Koha item type | Books |
| Withdrawn status | Lost status | Collection code | Home library | Current library | Shelving location | Date acquired | Source of acquisition | Full call number | Accession Number | Koha item type |
|---|---|---|---|---|---|---|---|---|---|---|
| Reference | Main Library | Main Library | SHELF 2-H -WORLD OF FACTS,ALL ABOUT NATION&ENCYCLOPEDIAS | 28/02/2018 | PURCHASE | 001 RED/T | 10163 | Books |